[Event "Challenge"]
[Site "http://www.queenalice.com/game.php?id=1864277"]
[Date "2025.10.14"]
[Round "-"]
[White "jogo"]
[Black "silverado"]
[Result "0-1"]
[WhiteElo "1805"]
[BlackElo "2009"]

1. e4 e5 2. Nf3 Nc6 3. c3 a6 4. d4 exd4 5. cxd4 d5 6. exd5 Qxd5 7. Nc3 Qa5 8.
Qa4 Qxa4 9. Nxa4 Nf6 10. Bc4 b5 11. d5 Na5 12. a3 Nxc4 13. b3 Na5 14. Nc3 Nxb3
15. Rb1 Nxc1 16. Rxc1 Bxa3 17. Rd1 Bb7 18. O-O b4 19. Rfe1+ Kd8 20. Nb1 Re8 0-1

[Event "Challenge"]
[Site "http://www.queenalice.com/game.php?id=1864278"]
[Date "2025.10.14"]
[Round "-"]
[White "silverado"]
[Black "jogo"]
[Result "1-0"]
[WhiteElo "1957"]
[BlackElo "1817"]

1. e4 c5 2. c4 Nc6 3. Na3 Nf6 4. d3 e6 5. Nh3 d5 6. cxd5 exd5 7. exd5 Nxd5 8.
Nc4 h6 9. Nf4 Nxf4 10. Bxf4 Be6 11. Qa4 a6 12. Na3 b5 13. Qe4 Qd5 14. Qxd5 Bxd5
15. f3 b4 16. Nc4 Nd4 17. O-O-O Be7 18. Nb6 Rd8 19. b3 1-0